If you want to write a book about art, independence and spirit (Registro nro. 91004)

Detalles MARC
000 -ENCABEZADO
Número de control [NR] 00828nam a22002177a 4500
008 - DE LONGITUD FIJA DE DATOS DE ELEMENTOS - INFORMACIÓN GENERAL
Elementos de longitud fija [NR] 130821s2007 xxu gr eng
020 ## - NUMERO INTERNACIONAL NORMALIZADO PARA LIBROS [R]
Número Internacional Normalizado del libro [NR] 1555974716
040 ## - FUENTE DE CATALOGACION [NR]
Agencia de catalogación original [NR] Co-BoUCM
Idioma de catalogación [NR] spa
041 00 - CODIGO DE IDIOMA [R]
Código de idioma para texto/pista de sonido o título separado [R] Inglés
100 1# - ASIENTO PRINCIPAL--NOMBRE PERSONAL [NR]
Nombre personal [NR] Ueland, Brenda.
ID Autoridad 171590
245 10 - MENCION DE TITULO [NR]
Título [NR] If you want to write a book about art, independence and spirit
Mención de responsabilidad, etc. [NR] Brenda Ueland.
260 ## - PUBLICACION, DISTRIBUCION, ETC. (PIE DE IMPRENTA) [R]
Lugar de publicación, distribución, etc. [R] Saint Paul (Minnesota, Estados Unidos)
Nombre del editor, distribuidor, etc. [R] Graywolf Press
Fecha de publicación, distribución, etc. [R] 2007
300 ## - DESCRIPCION FISICA [R]
Extensión [R] xii, 179 páginas
650 04 - ASIENTO SECUNDARIO DE MATERIA - TERMINO TEMATICO [R]
Término temático o nombre geográfico como elemento de entrada [NR] Aptitud creadora
9 (RLIN) 9274
650 04 - ASIENTO SECUNDARIO DE MATERIA - TERMINO TEMATICO [R]
Término temático o nombre geográfico como elemento de entrada [NR] Arte de escribir
9 (RLIN) 9465
650 04 - ASIENTO SECUNDARIO DE MATERIA - TERMINO TEMATICO [R]
Término temático o nombre geográfico como elemento de entrada [NR] Literatura
9 (RLIN) 18599
856 42 - LOCALIZACION Y ACCESO ELECTRONICOS [R]
Especificación de los materiales [NR] Biografía
Identificador Uniforme del Recurso (“URI”) [R] <a href="http://www.loc.gov/catdir/enhancements/fy0704/2006938265-b.html">http://www.loc.gov/catdir/enhancements/fy0704/2006938265-b.html</a>
856 42 - LOCALIZACION Y ACCESO ELECTRONICOS [R]
Especificación de los materiales [NR] Publicador
Identificador Uniforme del Recurso (“URI”) [R] <a href="http://www.loc.gov/catdir/enhancements/fy0704/2006938265-d.html">http://www.loc.gov/catdir/enhancements/fy0704/2006938265-d.html</a>
942 ## - ELEMENTOS DE ENTRADA AGREGADOS (KOHA)
Tipo de ítem principal el descrito en 300a Libro
Tema principal Literatura
Edición 1
Parte restante de la signatura top. U22i
Sistema de clasificación DEWEY
Clasificación 808.025
Existencias
Fecha de último préstamo Signatura topográfica Código de barras Última vez visto Ejemplar Price effective from Tipo de ítem Perdido Sistema de clasificación Dañado No prestable Tipo de ítem específico Suprimido Ubicación habitual Ubicación actual Localización Fecha de creación Forma de adquisición Costo
28/01/2008 808.025 U22i 100088636 06/12/2025 Ej.1 03/02/2013 Libro   DEWEY     Libro   Claustro Claustro 2do piso 30/09/2008 Compra 31297.00